000 00600cab a2200217 4500
001 ABS42570
008 090401t1990 xxu||||| |||| 00| 0 eng d
035 _a(Sirsi) u37641
041 _aeng
100 _aChong, F.
245 _aAsian floodtide
260 _c1990
350 _a0
490 _aWorld Property
_vApril 1990, 55-56(2)
520 _aAnalyses the offshore investment from Hong Kong , Japan , Singapore and other Asia n countries with money to invest.
650 _aFOREIGN
650 _aPROPERTY
690 _aOVERSEAS-REST OF THE WORLD
942 _n0
948 _c04/03/1997
999 _c24272
_d24272